Statistics for Drake's Survival

Click here to take the quiz!

General Stats

  • This quiz has been taken 11 times
  • The average score is 14 of 24

Answer Stats

Hint/ QuestionAnswer% Correct
Who lives outside of the walls?Towninator24
100%
What skin does Drake Softpaw wear?Wolf
100%
How many people helped Drake defeat the Ender Dragon?3
75%
BaboonBob
75%
Colour of the Llama's carpetGreen
75%
Name the 5 people that helped Drake kill the Wither? (1st time)LionMaker
75%
PaigeThePanda
75%
| Who was the 1st guest of the series?TimeRider92
75%
Number of different coloured sheep in the Wool Farm16
63%
Which episode did Drake transfer to the new world?(45) - My New Home
63%
Title of the very 1st episodeA New Start
63%
The animal that lives in the riddle shackCat
50%
Place where the Hutchie twins liveChest Room
50%
What is the name of Drake's sword?Drake's Sharp Destroyer
50%
Name of the LlamaReece
50%
Type of mob spawner inside the wallsSkeleton
50%
What "lucky" item does Hutchie possess?Sponge
50%
What was the name of the place with all the subscribers names on?Subscriber Hill
50%
THExSERGEANT
50%
Which 2 blocks have their own chest room?Dirt and Gravel
38%
What is the name of the stone brick building with the red windows?Incinerator
38%
Block Drake's house is made mainly out ofOak Planks
38%
Structure outside Drake's house on the original worldFountain
13%

Score Distribution

Percentile by Number Answered

Percent of People with Each Score

Your Score History

You have not taken this quiz